书目信息 |
| 题名: |
国务院关于严格制止企业滥发加班加点工资的通知
|
|
| 作者: | ||
| 分册: | ||
| 出版信息: | 北京 法律出版社 |
|
| 页数: | 6页 | |
| 开本: | 20cm | |
| 丛书名: | ||
| 单 册: | ||
| 中图分类: | F270.3 | |
| 科图分类: | ||
| 主题词: | 企业经济 | |
| 电子资源: | ||
| ISBN: | ||
| 000 | 00556nam0 2200193 450 | |
| 001 | 0655643375 | |
| 005 | 20060801162808.04 | |
| 010 | @dCNY0.05 | |
| 100 | @a20060705d km y0chiy0120 ea | |
| 101 | 0 | @achi |
| 102 | @aCN@b110000 | |
| 102 | @aCN@b110000 | |
| 200 | 1 | @a国务院关于严格制止企业滥发加班加点工资的通知@Aguo wu yuan guan yu yan ge zhi zhi qi ye lan fa jia ban jia dian gong zi de tong zhi |
| 210 | @a北京@c法律出版社 | |
| 215 | @a6页@d20cm | |
| 606 | 0 | @a企业经济 |
| 690 | @aF270.3@v3 | |
| 801 | 0 | @aCN@bPFT@c20060801 |
| 905 | @a10447@dF270.3@e231 | |
| 国务院关于严格制止企业滥发加班加点工资的通知.-北京:法律出版社 |
| 6页;20cm |
| ISBN :CNY0.05 |
| ● |
| 相关链接 |
|
|
|
|
正题名:国务院关于严格制止企业滥发加班加点工资的通知
索取号:F270.3/231
 
预约/预借
| 序号 | 登录号 | 条形码 | 馆藏地/架位号 | 状态 | 备注 |
| 1 | 0422062 | 204220627 | 密集书库/ [索取号:F270.3/231] | 在馆 | |
| 2 | 0441311 | 204413116 | 密集书库/ [索取号:F270.3/231] | 在馆 |